| 000 | 00759nam a2200253 i 4500 | ||
|---|---|---|---|
| 001 | 11567 | ||
| 003 | ES-MaACL | ||
| 005 | 20230906150129.0 | ||
| 007 | t| | ||
| 008 | 910927s1994 sp a |||| | spa d | ||
| 020 | _a84-7764-389-X | ||
| 080 | _a7:069(747 N.Y.) | ||
| 100 | 1 |
_aStein, Michael T. _9108036 |
|
| 245 | 1 | 0 |
_aMuseos de Nueva York / _cMichael T. Stein, Alejandro Montiel. |
| 260 |
_aBarcelona : _bOcéano, _c[1994] |
||
| 300 |
_a237 p. : _bprincipalmente il. col. ; _c31 cm. |
||
| 490 | 1 | _aGrandes museos del mundo | |
| 504 | _aÍndices. | ||
| 650 | 4 |
_aMuseos de arte- _zNueva York. _915373 |
|
| 700 | 1 |
_aMontiel, Alejandro. _982645 |
|
| 830 | 0 |
_aGrandes museos del mundo _9179157 |
|
| 852 |
_aES-MaACL _jL-18886 |
||
| 999 |
_c11567 _d11567 |
||